LIBRARY & INFORMATION CENTRE, KCAET, TAVANUR

ONLINE PUBLIC ACCESS CATALOGUE (OPAC)

Organic Farming and Vermiculture (Record no. 14564)

MARC details
000 -LEADER
fixed length control field 00307nam a22001217a 4500
020 ## - INTERNATIONAL STANDARD BOOK NUMBER
ISBN 9788189972844
082 ## - DEWEY DECIMAL CLASSIFICATION NUMBER
Classification number 631.584
Item number PAT/OR
100 ## - MAIN ENTRY--AUTHOR NAME
Personal name Patro,Lingaraj
245 ## - TITLE STATEMENT
Title Organic Farming and Vermiculture
260 ## - PUBLICATION, DISTRIBUTION, ETC. (IMPRINT)
Place of publication Delhi
Name of publisher Mangalam Publishers and Distributors
Year of publication 2013
300 ## - PHYSICAL DESCRIPTION
Number of Pages 349
942 ## - ADDED ENTRY ELEMENTS (KOHA)
Koha item type Books
Holdings
Withdrawn status Lost status Damaged status Collection code Home library Current library Shelving location Date acquired Source of acquisition Cost, normal purchase price Full call number Accession Number Koha item type
        KAUAET KAUAET General Stacks 16/07/2016 Ganesh Book Centre, Trivandrum 1250.00 631.584 PAT/OR 24600 Books
free website counter